000 00318nam a22001337a 4500
020 _a817826362-9
082 _a823
_bROH/K
100 _aROHAN BOOK COMPANY
245 _aTHE KING WITH THE MAGIC TOUCH
260 _aDELHI
_bROHAN BOOK COMPANY
_c2003
300 _a222
650 _aMODERN ILLUSTRATED CLASSICS
942 _cBK
999 _c329
_d329